00362nam a2200145Ia 4500008004100000020001500041041001200056082001100068100001600079245005100095260003300146300000900179650001600188700001200204221030s9999 xx 000 0 und d a8126505214 aEnglish a105.23 aT. Converse 0aPHP5 & My SQL . Biblecby T. Converse, J. Park bWilley Pub.aNew Delhic2006 a1042 aBE Computer aJ. Park